Statistics for Nintendo Games In 3 Words (Old School)

Click here to take the quiz!

General Stats

  • This quiz has been taken 45 times
  • The average score is 10 of 15

Answer Stats

Year Clue Game % Correct
1985Mushroom, Pipe, ToadSuper Mario Bros.
100%
1981Barrel, Gorilla, PrincessDonkey Kong
97%
1984Duck, Dog, ShootDuck Hunt
81%
1984Blocks, Colors, GravityTetris
77%
1987Boxer, Sandman, UppercutMike Tyson's Punch-Out!!
77%
1992Koopa, Banana, RaceMario Kart
74%
1986Pit, Palutena, UnderworldKid Icarus
68%
1999Versus, Mario, LinkSuper Smash Bros.
65%
1986Zebes, Kraid, AranMetroid
65%
1987Wily, Cutman, ElecmanMega Man
65%
1986Octorok, Armos, DungeonThe Legend Of Zelda
61%
1996Balls, Kanto, PidgeyPokemon Red/Blue
55%
1989SMAAASH, Ninten, GyiygEarthBound Beginnings
39%
1997PP7, Trevelyan, MishkinGoldenEye 007
26%
1988Jaquio, Ryu, JashinNinja Gaiden
16%

Score Distribution

Percentile by Number Answered

Percent of People with Each Score

Your Score History

You have not taken this quiz